Estadísticas para Grupos Geográficos de Seis #2

Haz click aquí para intentar la prueba.

Estadísticas generales

  • Esta prueba ha sido intentada 96 veces
  • La puntuación promedio es 30 de 48

Estadísticas de respuestas

GrupoRespuesta% Correcto
Países originarios de la UEFrancia
94%
Países originarios de la UEAlemania del Oeste
93%
Países fronterizos con IrakIrán
93%
Mayores ciudades hispanohablantesBuenos Aires
89%
Mayores ciudades a 10 km del MediterráneoBarcelona
86%
Países originarios de la UEItalia
86%
Mayores ciudades a 10 km del MediterráneoRoma
85%
Países originarios de la UEBélgica
83%
Mayores ciudades hispanohablantesBogotá
83%
Mayores ciudades hispanohablantesCiudad de México
81%
Ciudades con más población judíaJerusalén
81%
Mayores ciudades hispanohablantesMadrid
81%
Países fronterizos con IrakSiria
80%
Países fronterizos con IrakTurquía
79%
Países que tocan el Mar NegroTurquía
79%
Países fronterizos con IrakArabia Saudita
78%
Mayores ciudades hispanohablantesSantiago
76%
Mayores ciudades hispanohablantesLima
74%
Países que tocan el Mar NegroRusia
74%
Países originarios de la UELuxemburgo
71%
Países originarios de la UEPaíses Bajos
71%
Mayores ciudades a 10 km del MediterráneoAtenas
70%
Países que tocan el Mar NegroBulgaria
70%
Países que tocan el Mar NegroGeorgia
70%
Países que tocan el Mar NegroRumania
68%
Países que tocan el Mar NegroUcrania
68%
Países fronterizos con IrakJordania
66%
Países fronterizos con IrakKuwait
66%
Ciudades con más población judíaNueva York
66%
Capitales asiáticas que empiezan por TTokio
65%
Ciudades con más población judíaTel Aviv
60%
Capitales asiáticas que empiezan por TTeherán
59%
Mayores ciudades a 10 km del MediterráneoNápoles
55%
Mayores ciudades a 10 km del MediterráneoArgel
45%
Capitales asiáticas que empiezan por TTaipéi
43%
Capitales asiáticas que empiezan por TTiflis
40%
Capitales asiáticas que empiezan por TTaskent
39%
Capitales asiáticas que empiezan por TTimbu
39%
Estados de Nueva InglaterraMaine
34%
Ciudades con más población judíaLos Angeles
33%
Estados de Nueva InglaterraRhode Island
33%
Estados de Nueva InglaterraMassachusetts
31%
Estados de Nueva InglaterraNuevo Hampshire
31%
Estados de Nueva InglaterraVermont
31%
Estados de Nueva InglaterraConnecticut
30%
Mayores ciudades a 10 km del MediterráneoAlejandría
29%
Ciudades con más población judíaHaifa
16%
Ciudades con más población judíaMiami
16%

Distribución de puntuación

Porcentaje por número respondido

Porcentaje de gente con cada puntuación

Historial de tus puntuaciones

No has intentado esta prueba.